000 00460nam a2200181Ia 4500
008 230524s9999 xx 000 0 und d
020 _a8131700887
082 _a362.11
_bPFI
100 _aWilliam Sanborn Pfeiffer
245 0 _aTechnical Communication : A Practical Approach
250 _aIST
260 _aMUMBAI
_bPearson
_c2008
300 _aXIV;752
500 _aQuantity Number: 5
650 _aEnglish
700 _a T.V.S.Padmaja
942 _cBK
999 _c41939
_d41939